New energy directive places property sector under pressure (Record no. 72233)

MARC details
000 -LEADER
fixed length control field 01090cam a2200205 4500
001 - CONTROL NUMBER
control field WB3909-14
008 - FIXED-LENGTH DATA ELEMENTS--GENERAL INFORMATION
fixed length control field 030305n2003 000 0 eng u
035 ## - SYSTEM CONTROL NUMBER
System control number (Sirsi) u121530
245 ## - TITLE STATEMENT
Title New energy directive places property sector under pressure
260 ## - PUBLICATION, DISTRIBUTION, ETC.
Date of publication, distribution, etc. 2003
490 ## - SERIES STATEMENT
Series statement RICS Business
Volume/sequential designation March 2003, 5(1)
520 ## - SUMMARY, ETC.
Summary, etc. Now that the EU Directive on energy performance of buildings is formally part of European law, it will have an effect on surveyors' work as it influences property values and building design, renovation and investment. Covering existing buildings as well as new construction, the law requires buildings to be certified for energy efficiency with regular inspections of air conditioning and heating systems by January 2006. EC Directive 2002/91/EC http://europa.eu.int/eur-lex/en/dat/2003/l_001/l_00120030104en00650071.pdf
590 ## - LOCAL NOTE (RLIN)
Local note WB
650 ## - SUBJECT ADDED ENTRY--TOPICAL TERM
Topical term or geographic name entry element EC DIRECTIVES
650 ## - SUBJECT ADDED ENTRY--TOPICAL TERM
Topical term or geographic name entry element ENERGY PERFORMANCE
650 ## - SUBJECT ADDED ENTRY--TOPICAL TERM
Topical term or geographic name entry element PROPERTY VALUES
650 ## - SUBJECT ADDED ENTRY--TOPICAL TERM
Topical term or geographic name entry element BUILT ENVIRONMENT-CONSTRUCTION DESIGN
690 ## - LOCAL SUBJECT ADDED ENTRY--TOPICAL TERM (OCLC, RLIN)
Topical term or geographic name as entry element ENVIRONMENTAL AND LAND CONSULTANCY-ENERGY
942 ## - ADDED ENTRY ELEMENTS (KOHA)
Suppress in OPAC 0
Holdings
Withdrawn status Lost status Source of classification or shelving scheme Damaged status Not for loan Home library Current library Shelving location Date acquired Total Checkouts Full call number Barcode Date last seen Copy number Price effective from Koha item type
    Dewey Decimal Classification     London London News article 05/03/2003   WB3909-14 121530-1001 06/08/2019 1 06/08/2019 News article